Argentina latente
Un ensayo testimonial sobre las potencialidades con que cuenta la Argentina para enfrentar su reconstrucción. Emotivos testimonios de técnicos, trabajadores y científicos, hacen memoria sobre lo que fueron capaces de hacer y señalan las contradicciones: un país muy rico con un avanzado desarrollo ci...
Guardado en:
| Autor Principal: | |
|---|---|
| Autor Corporativo: | |
| Otros Autores: | , , |
| Formato: | |
| Idioma: | Undetermined |
| Publicado: |
Argentina, España, Francia,
2007.
|
| Materias: | |
| Etiquetas: |
Agregar Etiqueta
Sin Etiquetas, Sea el primero en etiquetar este registro!
|
| LEADER | 01259ngm a22002535a 4500 | ||
|---|---|---|---|
| 001 | CEM.cems020008 | ||
| 008 | 230424s2007####mx#---############vlund#d | ||
| 005 | 20230424194511.0 | ||
| 245 | 1 | 0 | |a Argentina latente |h [videograbación] / |c Fernando "Pino" Solanas. |
| 260 | |a Argentina, España, Francia, |c 2007. | ||
| 300 | |a 100'. | ||
| 520 | |a Un ensayo testimonial sobre las potencialidades con que cuenta la Argentina para enfrentar su reconstrucción. Emotivos testimonios de técnicos, trabajadores y científicos, hacen memoria sobre lo que fueron capaces de hacer y señalan las contradicciones: un país muy rico con un avanzado desarrollo científico, que tiene manchones de pobreza y no logra detener la fuga de cerebros. | ||
| 538 | |a Soporte: DVD -- Formato: AVI -- Peso: 698mb -- Resolución: 464 X 256 -- 29.97fps NTSC | ||
| 590 | |a Identificación anterior: 8 | ||
| 100 | 1 | |a Solanas, Fernando "Pino". | |
| 700 | 1 | |a Solanas, Fernando; Guión. | |
| 700 | 1 | |a Fernández Mouján, Alejandro; Fotografía. | |
| 700 | 1 | |a Gerardo Gandini; Música. | |
| 710 | 2 | |a Cinesur. | |
| 653 | |a LARGOMETRAJE | ||
| 653 | |a DOCUMENTAL | ||
| 653 | |a ARGENTINA | ||
| 653 | |a PINO SOLANAS | ||
| 859 | |a CEMS |b BIB. CEMS - Depto. Recursos Didacticos |h 778.5 |i SOL |k DRD |p 2966.23 |t Ej.1 | ||
